Marvel Villains Starting with L (by picture) - Statistics

General Stats
  • This quiz has been taken 64 times
  • The average score is 8 of 20
Answer Stats
Picture Answer % Correct
Loki
100%
Lizard
98%
Leader
71%
Lady Deathstrike
69%
Lady Bullseye
56%
Lady Octopus
52%
Leo
48%
Leapfrog
46%
Living Laser
44%
Laufey
35%
Libra
31%
Living Brain
31%
Lorelei
23%
Looter
19%
Lightmaster
17%
Lucia von Bardas
15%
Lash
13%
Lineage
13%
Living Pharoah
8%
Leonus
4%
No matching quizzes found
Score Distribution
Percent of People with Each Score
Percentile by Number Answered
Your Score History
You have not taken this quiz